La estrella de Belén (Record no. 154991)

MARC details
000 -LEADER
campo de control de longitud fija 00887nam a22001815i 4500
001 - NÚMERO DE CONTROL
campo de control 154991
003 - IDENTIFICADOR DE NÚMERO DE CONTROL
campo de control ES-MaACL
005 - FECHA Y HORA DE LA ÚLTIMA TRANSACCIÓN
campo de control 20251115063310.0
008 - DATOS DE LONGITUD FIJA--INFORMACIÓN GENERAL
campo de control de longitud fija 991022s1866 sp |||| | spa d
040 ## - FUENTE DE CATALOGACIÓN
Centro catalogador/agencia de origen CCPB | B
Lengua de catalogación spa
Centro/agencia transcriptor CCPB | B
100 1# - ENTRADA PRINCIPAL--NOMBRE DE PERSONA
Nombre de persona Gutiérrez de Alba, José María,
Fechas asociadas al nombre 1822-1897
9 (RLIN) 127661
245 13 - MENCIÓN DEL TÍTULO
Título La estrella de Belén
Resto del título : fantasía bíblica en tres actos y seis cuadros, en verso /
Mención de responsabilidad, etc. original de José Maria Gutiérrez de Alba.
260 ## - PUBLICACIÓN, DISTRIBUCIÓN, ETC.
Lugar de publicación, distribución, etc. Madrid :
Nombre del editor, distribuidor, etc. [s.n.],
Fecha de publicación, distribución, etc. 1866 (
Fabricante Imprenta de José Rodríguez)
300 ## - DESCRIPCIÓN FÍSICA
Extensión 55 p. ;
Dimensiones 21 cm.
500 #1 - NOTA GENERAL
Nota general Representada por primera vez en Madrid en el teatro de la Zarzuela en 24 de Diciembre de 1866.
852 ## - LOCALIZACIÓN
Ubicación ES-MaACL
Número de control de estantería F-8551(7)
Nota libre -- Enc. pasta española
condición física -- Falto de la cub. original
Nota libre -- Enc. en un vol. facticio, formando parte de la col. facticia "Teatro español moderno", v. 3
Holdings
Estatus retirado Estado de pérdida Estado de daño No para préstamo Colección Biblioteca de origen Biblioteca actual Ubicación en estantería Fecha de adquisición Total de préstamos Signatura topográfica completa Código de barras Visto por última vez Precio de reemplazo Tipo de ítem Koha
        Libros del s. XIX Biblioteca del Ateneo de Madrid Biblioteca del Ateneo de Madrid Sala Pecera Planta 2 17/01/2008   F-8551(7) 1162127 23/02/2023 23/02/2023 Libro impreso antiguo